000 00733nam a22002777a 4500
001 BR8706776
003 BR-BrBNA
005 20230928092744.0
007 ta
008 230509b bl.||||| |||| 00| 0 por d
040 _aBR-BrBNA
_bpor
_cBiblioteca Nacional de Agricultura
041 _a(Por)
072 _aM12
_b8415
090 _ 8415 BR8706776
100 1 _aVieira, M.I.
245 1 _aEscargots, criacao domestica e comercial
246 1 _a[Snails, a domestic and commercial creation]
260 3 _aSao Paulo, SP (Brasil):
_bNobel,
_c1986.
300 _a132 p.
500 _a70 illus.
650 _aESCARGOT
650 _aCRIACAO
650 _aHELICICULTURA
909 _a202309
_bLucia
_c55
_dLucia Elande
942 _cBK
999 _c41006
_d41006